路線名 一覧クイズ 埼玉県 - Statistics

General Stats
  • This quiz has been taken 532 times
    368 since last reset
  • The average score is 18 of 22
Answer Stats
事業者名 答え 区間 % Correct
JR東日本 東北本線 川口~栗橋 戸田公園~大宮
94%
東武鉄道 伊勢崎線 谷塚~羽生
92%
JR東日本 武蔵野線 東所沢~三郷
91%
西武鉄道 池袋線 所沢~吾野
91%
JR東日本 東北新幹線 大宮
90%
JR東日本 高崎線 大宮~神保原
90%
東武鉄道 野田線(アーバンパークライン) 大宮~南桜井
90%
西武鉄道 新宿線 所沢~本川越
90%
東武鉄道 東上線 和光市~寄居
89%
JR東日本 上越新幹線 大宮~本庄早稲田
88%
JR東日本 川越線 大宮~高麗川
88%
JR東日本 八高線 金子~丹荘
88%
東京メトロ 有楽町線 和光市
85%
東武鉄道 日光線 東武動物公園~柳生
81%
東武鉄道 越生線 坂戸~越生
75%
三セク-3 伊奈線(ニューシャトル) 大宮~内宿
73%
西武鉄道 西武秩父線 吾野~西武秩父
72%
三セク-2 埼玉高速鉄道線(埼玉スタジアム線) 川口元郷~浦和美園
71%
西武鉄道 山口線 西武園ゆうえんち~西武球場前
69%
西武鉄道 狭山線 西所沢~西武球場前
62%
三セク-1 常磐新線(つくばエクスプレス) 八潮~三郷中央
56%
中小私鉄 秩父本線 羽生~三峰口
56%
No matching quizzes found
Score Distribution
Percent of People with Each Score
Percentile by Number Answered
Your Score History
You have not taken this quiz since the last reset